Business finance. (Record no. 6174)
[ view plain ]
| 000 -LEADER | |
|---|---|
| fixed length control field | 00544nam a22002052 4500 |
| 001 - CONTROL NUMBER | |
| control field | 0000003019 |
| 005 - DATE AND TIME OF LATEST TRANSACTION | |
| control field | 20151217151912.0 |
| 008 - FIXED-LENGTH DATA ELEMENTS--GENERAL INFORMATION | |
| fixed length control field | 070425s xx 000 0 eng d |
| 040 ## - CATALOGING SOURCE | |
| Original cataloging agency | KABU |
| Transcribing agency | KABU |
| 050 #0 - LIBRARY OF CONGRESS CALL NUMBER | |
| Classification number | HG4026 |
| Item number | .P35 1961 |
| 100 1# - MAIN ENTRY--PERSONAL NAME | |
| Personal name | Paish, F. W. |
| -- | 0000152584 |
| 245 10 - TITLE STATEMENT | |
| Title | Business finance. |
| 250 ## - EDITION STATEMENT | |
| Edition statement | 2nd ed. |
| 260 ## - PUBLICATION, DISTRIBUTION, ETC. (IMPRINT) | |
| Place of publication, distribution, etc. | London : |
| Name of publisher, distributor, etc. | Pitman, |
| Date of publication, distribution, etc. | 1961. |
| 300 ## - PHYSICAL DESCRIPTION | |
| Extent | viii, 158 p. |
| 650 #0 - SUBJECT ADDED ENTRY--TOPICAL TERM | |
| Topical term or geographic name as entry element | Corporations |
| General subdivision | Finance. |
| -- | 0000007704 |
| 908 ## - PUT COMMAND PARAMETER (RLIN) | |
| Put command parameter | 070425 |
| 950 ## - LOCAL HOLDINGS (RLIN) | |
| -- | 1 |
| Withdrawn status | Lost status | Source of classification or shelving scheme | Not for loan | Home library | Current library | Date acquired | Total Checkouts | Full call number | Barcode | Date last seen | Price effective from | Koha item type |
|---|---|---|---|---|---|---|---|---|---|---|---|---|
| Library of Congress Classification | Kabarak, Main Campus | Kabarak, Main Campus | 17/12/2015 | HG4026 .P35 1961 | 006969 | 17/12/2015 | 17/12/2015 | General Collection |